000 00548nam a2200241Ia 4500
005 20260306150529.0
008 008 260114s9999 xx 000 0 eng d
020 _a9780674289208
037 _aEbook
040 _aCRL
040 _beng
040 _cCRL
041 _2eng
041 _aeng
084 _qCRL
245 0 _aFugitive Essays
260 _bHarvard University Press
260 _c1920
650 _aPhilosophy
856 _uhttps://www.degruyter.com/isbn/9780674289208
942 _cEBOOK
999 _c1697450
_d1697450